The 'P' Movies Quiz Stats

Quiz Updated Feb 21, 2017

Also try: The 'A' Movies
Challenge
Share
Tweet
Score 0/24 Timer 08:00
1 Play Today
% Correct
The Polar Express
94.9%
The Passion of the Christ
86.9%
The Pursuit of Happyness
86.8%
The Phantom of the Opera
85.5%
The Patriot
80.8%
The Parent Trap
79.9%
The Princess Bride
75.1%
The Perfect Storm
69.4%
The Proposal
68.2%
The Pianist
67.4%
The Princess and the Frog
61.7%
The Prince of Egypt
55.7%
% Correct
The Pacifier
55.6%
The Purge
55.1%
The Perks of Being a Wallflower
54%
The Pelican Brief
51.2%
The Punisher
49.6%
The Prestige
47.8%
The Pink Panther
40.8%
The Producers
39.4%
The Poseidon Adventure
37.7%
The Postman
32.5%
The People vs. Larry Flynt
28.8%
The Philadelphia Story
22.5%

You're not logged in!

Compare scores with friends on all Sporcle quizzes.
Sign Up with Email
OR
Log In

You Might Also Like...

Show Comments

Extras

Top Quizzes Today


Score Distribution

Your Account Isn't Verified!

In order to create a playlist on Sporcle, you need to verify the email address you used during registration. Go to your Sporcle Settings to finish the process.